000 00623nam a2200181 i 4500
001 158761
003 ES-MaACL
005 20251120063142.0
008 940202s1885 sp |||| | spa d
040 _aCAM
_bspa
100 2 _aMarín Ordóñez, José,
_dm. 1888
_9129677
245 1 0 _aEstudios católicos sobre algunas cuestiones sociales, políticas y económicas /
_cpor José Marín Ordoñez.
250 _a3ª ed.
260 _aMadrid :
_b[s.n.],
_c1885 (
_fImprenta Central a cargo de Victor Saiz)
300 _a510 p. ;
_c18 cm.
852 _aES-MaACL
_jG-13513
_z-- Enc. hol.
999 _c158761
_d158761